000 nam a22 7a 4500
999 _c9151
_d9151
008 180123b ||||| |||| 00| 0 eng d
100 _aNCERT
_95421
245 _aThemes in world history XI
260 _aNew Delhi
_bNCERT
_c2006